| 000 | 01502cam a22003734a 4500 | ||
|---|---|---|---|
| 001 | 12480339 | ||
| 003 | PILC | ||
| 005 | 20160108151036.0 | ||
| 008 | 010724s2002 waua 001 0 eng | ||
| 010 | _a 2001044398 | ||
| 020 | _a0735614512 | ||
| 040 |
_aDLC _cDLC _dDLC |
||
| 042 | _apcc | ||
| 050 | 0 | 0 |
_aHF 5548.4 _b.F948 2002 |
| 082 | 0 | 0 |
_aCS 005.369E _bF94 2002 |
| 100 | 1 |
_aFrye, Curtis, _d1968- |
|
| 245 | 1 | 0 |
_aMicrosoft excel version 2002 plain & simple _cCurtis Frye and the epic software group, inc. |
| 260 |
_aRedmond, Wash. : _bMicrosoft Press, _cc2002. |
||
| 300 |
_axii, 239 p. : _bcol. ill. ; _c19 x 24 cm. |
||
| 500 | _a"Your fast-answers, no-jargon guide to Excel 2002!"--Cover. | ||
| 500 | _aIncludes index. | ||
| 520 | _a1. Microsoft Excel. 2. Business - - Computer programs. 3. Electronic spreadsheets. | ||
| 562 | _e1 | ||
| 630 | 0 | 0 | _aMicrosoft Excel (Computer file) |
| 650 | 0 |
_aBusiness _xComputer programs. |
|
| 650 | 0 | _aElectronic spreadsheets. | |
| 710 | 2 | _aEpic Software Group. | |
| 856 | 4 | 2 |
_3Contributor biographical information _uhttp://www.loc.gov/catdir/enhancements/fy1004/2001044398-b.html |
| 856 | 4 | 2 |
_3Publisher description _uhttp://www.loc.gov/catdir/enhancements/fy1004/2001044398-d.html |
| 906 |
_a7 _bcbc _corignew _d1 _eocip _f20 _gy-gencatlg |
||
| 942 |
_2lcc _cBK |
||
| 999 |
_c132 _d132 |
||